5 państw w europie z najwyższym wskaźnikiem HDI - Statystyki

Ogólne statystyki
  • Ten quiz został rozwiązany 22 razy
  • Średni wynik to 4 z 5
Statystyki odpowiedzi
HDI Państwo % Poprawnych
0.961 Norwegia
95%
0.952 Dania
90%
0.947 Szwecja
90%
0.959 Islandia
86%
0.962 Szwajcaria
81%
Nie znaleziono quizów pasujących do podanych kryteriów
Rozkład punktacji
Procent ludzi z każdym wynikiem
Percentyl według liczby udzielonych odpowiedzi
Twoja historia wyników
Nie rozwiązałeś tego quizu